书目信息 |
| 题名: |
中国作家协会第六次全国代表大会文件汇编
|
|
| 作者: | ;中国作家协会 编 | |
| 分册: | ||
| 出版信息: | 北京 作家出版社 2003 |
|
| 页数: | 170页 | |
| 开本: | 20cm | |
| 丛书名: | ||
| 单 册: | ||
| 中图分类: | C262 | |
| 科图分类: | ||
| 主题词: | 中国作家协会--代表会议,第六次--文件--汇编 | |
| 电子资源: | ||
| ISBN: | 7-5063-0902-5 | |
| 000 | 00678nam0 2200193 450 | |
| 001 | 0751653978 | |
| 005 | 20070725084626.48 | |
| 010 | @a7-5063-0902-5@dCNY19.00 | |
| 100 | @a20070721d2003 km y0chiy0120 ea | |
| 101 | 0 | @achi |
| 102 | @aCN@b110000 | |
| 200 | 1 | @a中国作家协会第六次全国代表大会文件汇编@Azhong guo zuo jia xie hui di liu ci quan guo dai biao da hui wen jian hui bian@f中国作家协会编@Fzhong guo zuo jia xie hui bian |
| 210 | @a北京@c作家出版社@d2003 | |
| 215 | @a170页@d20cm | |
| 606 | 0 | @a中国作家协会@x代表会议,第六次@x文件@x汇编 |
| 690 | @aC262@v3 | |
| 711 | 02 | @a中国作家协会@Azhong guo zuo jia xie hui@4编 |
| 801 | 0 | @aCN@bPFT@c20070725 |
| 905 | @a10447@dC262@e228 | |
| 中国作家协会第六次全国代表大会文件汇编/中国作家协会编.-北京:作家出版社,2003 |
| 170页;20cm |
| ISBN 7-5063-0902-5:CNY19.00 |
| ● |
| 相关链接 |
|
|
|
|
正题名:中国作家协会第六次全国代表大会文件汇编
索取号:C262/228
 
预约/预借
| 序号 | 登录号 | 条形码 | 馆藏地/架位号 | 状态 | 备注 |
| 1 | 0767669 | 207676692 | 第一样本阅览室/ [索取号:C262/228] | 在馆 |